KATSEYE - Paroles Tonight I Might - Statistiques

Statistiques générales
  • Ce quiz a été pris 18 fois
  • Le résultat moyen est 221 sur 262
Statistiques - réponses
Hint Réponse % Correct
a
100%
I
100%
I
100%
(I)
100%
mm
100%
the
100%
The
100%
to
100%
But
93%
but
93%
Refrain Do
93%
Pré-refrain Tonight
93%
do
93%
Do
93%
I'm
93%
it
93%
know
93%
might
93%
might,
93%
of
93%
on
93%
Pré-refrain Tonight
93%
tonight
93%
be
86%
different
86%
Different
86%
don't
86%
go
86%
in
86%
me
86%
move
86%
then
86%
tired
86%
too
86%
all
79%
an
79%
and
79%
around
79%
before
79%
complicated
79%
did
79%
everyone
79%
focusing
79%
for
79%
fully
79%
got
79%
handle
79%
inspired,
79%
kind
79%
my
79%
not
79%
perfect
79%
ready
79%
same
79%
shit
79%
shit,
79%
somebody
79%
Couplet 1 There's
79%
things
79%
way,
79%
why
79%
100
71%
day
71%
didn't
71%
doesn't
71%
example
71%
Get
71%
get
71%
kid
71%
late
71%
little
71%
loud
71%
party
71%
people,
71%
reasons
71%
required
71%
sing
71%
someone
71%
talk
71%
than
71%
That
71%
was
71%
when
71%
4
64%
are
64%
at
64%
callin'
64%
friends
64%
high
64%
kiss
64%
life
64%
morning,
64%
number,
64%
o'clock
64%
one
64%
overthinker
64%
pretend
64%
show
64%
somebody's
64%
stupid
64%
such
64%
these
64%
up
64%
who
64%
fun
57%
it's
57%
jokes
57%
kinda
57%
Loner,
57%
misses
57%
they
50%
Aucun quiz correspondant
Distribution des résultats
% des personnes avec chaque résultat
Percentile par nombre de réponses
Votre historique - résultats
Vous n’avez pas pris ce quiz